Learning assistive system for autistic child (LASAC) (Record no. 5809)

MARC details
000 -LEADER
fixed length control field 00570nam a22001937a 4500
003 - CONTROL NUMBER IDENTIFIER
control field OSt
005 - DATE AND TIME OF LATEST TRANSACTION
control field 20220107122832.0
008 - FIXED-LENGTH DATA ELEMENTS--GENERAL INFORMATION
fixed length control field 170807b xxu||||| |||| 00| 0 eng d
040 ## - CATALOGING SOURCE
Transcribing agency IIITMK
100 ## - MAIN ENTRY--PERSONAL NAME
Personal name Leena G Pillai (93516005)
9 (RLIN) 12704
245 ## - TITLE STATEMENT
Title Learning assistive system for autistic child (LASAC)
300 ## - PHYSICAL DESCRIPTION
Extent MPhil CS - Main Project
502 ## - DISSERTATION NOTE
Degree type MPhil CS
Name of granting institution 2016-2017
Year degree granted INT
-- Dr Elizabeth Sherly
650 ## - SUBJECT ADDED ENTRY--TOPICAL TERM
Topical term or geographic name entry element ASPERGER SYNDROME
9 (RLIN) 12705
650 ## - SUBJECT ADDED ENTRY--TOPICAL TERM
Topical term or geographic name entry element MALAYALAM LANGUAGE
9 (RLIN) 12706
650 ## - SUBJECT ADDED ENTRY--TOPICAL TERM
Topical term or geographic name entry element THERAPY
9 (RLIN) 12707
650 ## - SUBJECT ADDED ENTRY--TOPICAL TERM
Topical term or geographic name entry element AUTISTIC CHILD
9 (RLIN) 12708
942 ## - ADDED ENTRY ELEMENTS (KOHA)
Source of classification or shelving scheme Dewey Decimal Classification
Koha item type
Holdings
Withdrawn status Lost status Source of classification or shelving scheme Damaged status Not for loan Collection code Home library Current library Shelving location Date acquired Total Checkouts Barcode Date last seen Price effective from Koha item type
    Dewey Decimal Classification     Non Fiction IIITM-K Kerala University of Digital Sciences, Innovation and Technology Knowledge Centre   07/08/2017   R-1308 07/08/2017 07/08/2017 Project Reports